[Event "Croatia GCT 2019"]
[Site "Zagreb CRO"]
[Date "2019.06.27"]
[Round "2"]
[White "Nepomniachtchi, Ian"]
[Black "Caruana, Fabiano"]
[Result "1-0"]
[WhiteElo "2775"]
[BlackElo "2819"]
[PlyCount "99"]
[EventDate "2019.06.26"]

1. e4 c5 2. Nf3 Nc6 3. d4 cxd4 4. Nxd4 Nf6 5. Nc3 e5 6. Ndb5 d6 7. Nd5 Nxd5 8.
exd5 Nb8 9. a4 Be7 10. Bd2 O-O 11. a5 a6 12. Na3 Nd7 13. Nc4 f5 14. Bb4 Rf6 15.
Qd2 Rg6 16. g3 e4 17. h4 b5 18. axb6 Nxb6 19. Na5 Bd7 20. O-O-O Bf6 21. Nc6 Qe8
22. Kb1 Kh8 23. h5 Rh6 24. Qe3 Na4 25. c3 Rxh5 26. Rxh5 Qxh5 27. Be2 Qe8 28.
Kc2 h6 29. Qf4 a5 30. Nxa5 Nxc3 31. bxc3 Ba4+ 32. Kb1 Bxd1 33. Bxd1 Qb5 34. Nb3
Bg5 35. Qxf5 Qf1 36. Qg4 Rf8 37. Kb2 Rxf2+ 38. Bc2 Qc4 39. Qe6 Bf6 40. Qxd6
Rxc2+ 41. Kxc2 Qd3+ 42. Kb2 e3 43. Qe6 e2 44. Ka3 Bg5 45. d6 Qa6+ 46. Kb2 Qd3
47. d7 Kh7 48. c4 Bf6+ 49. Ka3 Qc2 50. Qxf6 1-0

[Event "Croatia GCT 2019"]
[Site "Zagreb CRO"]
[Date "2019.06.27"]
[Round "2"]
[White "Ding, Liren"]
[Black "Karjakin, Sergey"]
[Result "1/2-1/2"]
[WhiteElo "2805"]
[BlackElo "2748"]
[PlyCount "102"]
[EventDate "2019.06.26"]

1. d4 Nf6 2. c4 e6 3. g3 Bb4+ 4. Bd2 Be7 5. Bg2 d5 6. Nf3 O-O 7. O-O Nbd7 8.
Qc2 c6 9. Rc1 Re8 10. a3 a5 11. Bf4 Ne4 12. Nc3 g5 13. Be3 Nd6 14. b3 Nf5 15.
Qd3 g4 16. Nd2 Nxe3 17. Qxe3 Bg5 18. Qd3 dxc4 19. Nxc4 Bxc1 20. Rxc1 Nb6 21.
Ne5 f5 22. e4 Qg5 23. Ne2 Nd7 24. Nf4 Nxe5 25. dxe5 Rd8 26. Qe3 Bd7 27. h4 gxh3
28. Bxh3 Be8 29. Qc5 Bh5 30. exf5 exf5 31. e6 Rd1+ 32. Rxd1 Bxd1 33. Bxf5 Qf6
34. Bd3 Bf3 35. Qe3 Bd5 36. Nh5 Qe7 37. Qe5 Rf8 38. g4 h6 39. f4 b5 40. b4 axb4
41. axb4 Bxe6 42. f5 Qa7+ 43. Kf1 Qf7 44. Kf2 Qa7+ 45. Kf1 Qf7 46. Kf2 Qa7+ 47.
Kg2 Bd5+ 48. Kh3 Qf7 49. Kh4 Qa7 50. Kh3 Qf7 51. Kh4 Qa7 1/2-1/2

[Event "Croatia GCT 2019"]
[Site "Zagreb CRO"]
[Date "2019.06.27"]
[Round "2"]
[White "Aronian, Levon"]
[Black "Giri, Anish"]
[Result "1/2-1/2"]
[WhiteElo "2752"]
[BlackElo "2779"]
[PlyCount "110"]
[EventDate "2019.06.26"]

1. c4 Nf6 2. g3 e6 3. Bg2 d5 4. Nf3 Be7 5. d4 O-O 6. O-O dxc4 7. Qc2 a6 8. a4
Bd7 9. Qxc4 Bc6 10. Bf4 Bd6 11. Bg5 Nbd7 12. Nbd2 h6 13. Bxf6 Nxf6 14. Rfd1 Qe7
15. Ne1 Bd5 16. Qc2 Bxg2 17. Kxg2 c5 18. dxc5 Bxc5 19. Rac1 Bb4 20. Qc7 Qe8 21.
Qxb7 Bxd2 22. Rxd2 Qxa4 23. Nd3 Nd5 24. Qc6 Qa5 25. Rdd1 Rfb8 26. Qc4 Ra7 27.
Qc5 Qxc5 28. Rxc5 g5 29. Rdc1 Kg7 30. R1c4 Rab7 31. h4 Rb3 32. hxg5 hxg5 33.
Ra5 Nb4 34. Ne5 Rb7 35. Nf3 f6 36. Nd4 Rxb2 37. Nxe6+ Kg6 38. Nd4 Rd2 39. Rac5
a5 40. Rxa5 Rxd4 41. Rxd4 Nc6 42. Raa4 Nxd4 43. Rxd4 Rb2 44. Kf3 Kf7 45. e4 Ke6
46. Ke3 f5 47. Rd5 Rb3+ 48. Rd3 Rb2 49. f3 Rg2 50. exf5+ Kxf5 51. g4+ Kg6 52.
Rd6+ Kg7 53. Ke4 Rf2 54. Kf5 Rxf3+ 55. Kxg5 Ra3 1/2-1/2

[Event "Croatia GCT 2019"]
[Site "Zagreb CRO"]
[Date "2019.06.27"]
[Round "2"]
[White "So, Wesley"]
[Black "Vachier-Lagrave, Maxime"]
[Result "1/2-1/2"]
[WhiteElo "2754"]
[BlackElo "2779"]
[PlyCount "57"]
[EventDate "2019.06.26"]

1. Nf3 c5 2. c4 Nf6 3. g3 g6 4. b3 Bg7 5. Bb2 b6 6. Bg2 Bb7 7. O-O O-O 8. Nc3
d5 9. Nxd5 Nxd5 10. Bxg7 Kxg7 11. cxd5 Qxd5 12. d4 cxd4 13. Qxd4+ Qxd4 14. Nxd4
Bxg2 15. Kxg2 a5 16. Rfd1 Rc8 17. Rac1 Na6 18. Nb5 a4 19. bxa4 Rxc1 20. Rxc1
Nc5 21. Nc3 Nxa4 22. Nxa4 Rxa4 23. Rc2 Kf6 24. Rc6+ Kg7 25. Rxb6 Rxa2 26. Kf1
Ra1+ 27. Kg2 Ra2 28. Kf1 Ra1+ 29. Kg2 1/2-1/2

[Event "Croatia GCT 2019"]
[Site "Zagreb CRO"]
[Date "2019.06.27"]
[Round "2"]
[White "Nakamura, Hikaru"]
[Black "Mamedyarov, Shakhriyar"]
[Result "1/2-1/2"]
[WhiteElo "2754"]
[BlackElo "2774"]
[PlyCount "50"]
[EventDate "2019.06.26"]

1. d4 Nf6 2. c4 g6 3. Nc3 d5 4. cxd5 Nxd5 5. e4 Nxc3 6. bxc3 Bg7 7. Bb5+ c6 8.
Ba4 O-O 9. Nf3 c5 10. O-O cxd4 11. cxd4 Bg4 12. Rb1 Nc6 13. d5 Na5 14. h3 Bxf3
15. Qxf3 a6 16. Bf4 b5 17. Bc2 Rc8 18. Qe2 Nc4 19. Rbd1 Qb6 20. h4 Rfd8 21. h5
Be5 22. Bc1 Bb2 23. Bf4 Be5 24. Bc1 Bb2 25. Bf4 Be5 1/2-1/2

[Event "Croatia GCT 2019"]
[Site "Zagreb CRO"]
[Date "2019.06.28"]
[Round "3"]
[White "Caruana, Fabiano"]
[Black "Carlsen, Magnus"]
[Result "1/2-1/2"]
[WhiteElo "2819"]
[BlackElo "2875"]
[PlyCount "135"]
[EventDate "2019.06.26"]

1. e4 e5 2. Nf3 Nc6 3. Bb5 a6 4. Ba4 Nf6 5. O-O Nxe4 6. d4 Be7 7. Re1 b5 8.
Rxe4 d5 9. Nxe5 Nxe5 10. Rxe5 bxa4 11. Nc3 O-O 12. Re1 Bd6 13. Qh5 a3 14. Nxd5
axb2 15. Bxb2 Rb8 16. Rab1 Re8 17. Ne3 Bf4 18. d5 Rb4 19. c4 Bxe3 20. Rxe3 Rxe3
21. fxe3 Rxc4 22. Bd4 c5 23. Ba1 f6 24. h3 Qe7 25. Qf3 h6 26. Re1 Re4 27. Kf2
Bd7 28. Rd1 Kh7 29. Rd2 Qe8 30. Bb2 Ra4 31. a3 Rc4 32. Re2 Qg6 33. e4 Ba4 34.
d6 Bc6 35. Qg3 Qxg3+ 36. Kxg3 Kg6 37. e5 fxe5 38. Bxe5 h5 39. Bb2 h4+ 40. Kh2
Kf5 41. Bxg7 Re4 42. Rxe4 Kxe4 43. Bf6 c4 44. Bxh4 c3 45. Bf6 c2 46. Bb2 Kd5
47. g4 Kxd6 48. Kg3 Bb5 49. Kf3 Ke7 50. h4 Kf8 51. h5 Be8 52. Kg3 Kg8 53. Kh4
Kh7 54. Kg5 Bd7 55. Kf4 a5 56. Kg5 a4 57. Kf4 Be6 58. g5 Bf7 59. g6+ Bxg6 60.
hxg6+ Kxg6 61. Ke5 Kf7 62. Kd6 Ke8 63. Bc1 Kd8 64. Kc6 Kc8 65. Bf4 c1=Q+ 66.
Bxc1 Kb8 67. Kb6 Ka8 68. Bf4 1/2-1/2

[Event "Croatia GCT 2019"]
[Site "Zagreb CRO"]
[Date "2019.06.28"]
[Round "3"]
[White "Mamedyarov, Shakhriyar"]
[Black "Nepomniachtchi, Ian"]
[Result "0-1"]
[WhiteElo "2774"]
[BlackElo "2775"]
[PlyCount "64"]
[EventDate "2019.06.26"]

1. d4 Nf6 2. c4 g6 3. Nf3 Bg7 4. e3 O-O 5. Be2 d6 6. Nc3 Nbd7 7. O-O e5 8. b3
Re8 9. h3 e4 10. Nd2 h5 11. b4 Nf8 12. Re1 Bf5 13. Bb2 Qd7 14. Nd5 Nxd5 15.
cxd5 Qe7 16. Rc1 Nh7 17. Qc2 Qg5 18. Qxc7 Bxh3 19. Bf1 Bf8 20. Qxb7 Nf6 21. Qa6
Bc8 22. Qa4 Bd7 23. Qd1 Bg4 24. f3 exf3 25. Nxf3 Qh6 26. Qb3 h4 27. Ne5 h3 28.
Nxg4 Nxg4 29. gxh3 Nxe3 30. Rc3 Nf5 31. Rd1 Qh5 32. Rf3 Bh6 0-1

[Event "Croatia GCT 2019"]
[Site "Zagreb CRO"]
[Date "2019.06.28"]
[Round "3"]
[White "Vachier-Lagrave, Maxime"]
[Black "Ding, Liren"]
[Result "1/2-1/2"]
[WhiteElo "2779"]
[BlackElo "2805"]
[PlyCount "65"]
[EventDate "2019.06.26"]

1. e4 e5 2. Nf3 Nc6 3. Bc4 Bc5 4. O-O Nf6 5. d3 d6 6. c3 O-O 7. Re1 a5 8. Bg5
h6 9. Bh4 g5 10. Bg3 Nh7 11. d4 Bb6 12. dxe5 h5 13. h4 Bg4 14. hxg5 Nxg5 15.
exd6 h4 16. Bh2 Qf6 17. Nbd2 cxd6 18. Be2 Bxf3 19. Bxf3 Ne5 20. Rf1 h3 21. Bg4
d5 22. Bxh3 Rae8 23. Kh1 dxe4 24. Bxe5 Rxe5 25. Qg4 Bxf2 26. Nc4 e3 27. Nxe3
Rxe3 28. Rxf2 Qxf2 29. Qxg5+ Kh8 30. Qh6+ Kg8 31. Qg5+ Kh8 32. Qh6+ Kg8 33.
Qg5+ 1/2-1/2

[Event "Croatia GCT 2019"]
[Site "Zagreb CRO"]
[Date "2019.06.28"]
[Round "3"]
[White "Anand, Viswanathan"]
[Black "Aronian, Levon"]
[Result "1/2-1/2"]
[WhiteElo "2767"]
[BlackElo "2752"]
[PlyCount "81"]
[EventDate "2019.06.26"]

1. e4 e5 2. Nf3 Nc6 3. Bc4 Bc5 4. c3 Nf6 5. d3 a6 6. O-O d6 7. Re1 O-O 8. Nbd2
Ba7 9. Nf1 Na5 10. Bb3 Nxb3 11. axb3 Bg4 12. h3 Bxf3 13. Qxf3 Qe8 14. b4 Qe6
15. Be3 Bxe3 16. Nxe3 c6 17. Qf5 Qxf5 18. Nxf5 Rad8 19. Rad1 Rfe8 20. Ne3 Kf8
21. f3 d5 22. Kf2 Rd7 23. Ng4 Nxg4+ 24. hxg4 Red8 25. exd5 Rxd5 26. Ke2 Rb5 27.
Rd2 a5 28. bxa5 Rxa5 29. Red1 Ke7 30. g5 e4 31. f4 exd3+ 32. Rxd3 Rxd3 33. Rxd3
Ra2 34. Rd2 f6 35. gxf6+ Kxf6 36. g4 h6 37. Kf3 Ke6 38. Ke4 Ra4+ 39. Kf3 Ra2
40. Ke4 Ra4+ 41. Kf3 1/2-1/2

[Event "Croatia GCT 2019"]
[Site "Zagreb CRO"]
[Date "2019.06.28"]
[Round "3"]
[White "Giri, Anish"]
[Black "So, Wesley"]
[Result "1/2-1/2"]
[WhiteElo "2779"]
[BlackElo "2754"]
[PlyCount "66"]
[EventDate "2019.06.26"]

1. e4 e5 2. Nf3 Nc6 3. Bc4 Bc5 4. O-O Nf6 5. d3 O-O 6. h3 d6 7. c3 a6 8. Re1 h6
9. Nbd2 Ba7 10. a4 Re8 11. b4 Be6 12. Bxe6 Rxe6 13. Bb2 b5 14. d4 Re8 15. axb5
axb5 16. Qe2 exd4 17. Qxb5 dxc3 18. Bxc3 Ne5 19. Qb7 Bb6 20. Bxe5 dxe5 21. Rxa8
Qxa8 22. Qxa8 Rxa8 23. Nxe5 Bd4 24. Nc6 Bc3 25. Rd1 Bxd2 26. Rxd2 Nxe4 27. Re2
Nd6 28. Rc2 Ra1+ 29. Kh2 Kf8 30. Ne5 Ra7 31. Nc6 Ra1 32. Ne5 Ra7 33. Nc6 Ra1
1/2-1/2

[Event "Croatia GCT 2019"]
[Site "Zagreb CRO"]
[Date "2019.06.28"]
[Round "3"]
[White "Karjakin, Sergey"]
[Black "Nakamura, Hikaru"]
[Result "1/2-1/2"]
[WhiteElo "2748"]
[BlackElo "2754"]
[PlyCount "154"]
[EventDate "2019.06.26"]

1. d4 Nf6 2. c4 e6 3. Nf3 d5 4. Nc3 Be7 5. Bf4 O-O 6. e3 c5 7. dxc5 Bxc5 8. Qc2
Nc6 9. Rd1 Qa5 10. a3 Re8 11. Nd2 e5 12. Bg5 Nd4 13. Qb1 Bf5 14. Bd3 Bxd3 15.
Qxd3 Ne4 16. Ndxe4 dxe4 17. Qd2 Ne6 18. Nxe4 Qxd2+ 19. Rxd2 f5 20. Nxc5 Nxc5
21. f3 Rac8 22. O-O e4 23. Rd5 Ne6 24. Rxf5 exf3 25. R1xf3 Nxg5 26. Rxg5 Rxc4
27. h3 Rc1+ 28. Kh2 Rc2 29. Rb5 b6 30. a4 h6 31. a5 bxa5 32. Rb7 Rf8 33. Kg3 a6
34. Rxf8+ Kxf8 35. Rb6 Kf7 36. Rxa6 Rxb2 37. Rxa5 g5 38. Kf3 Kg6 39. Ra6+ Kg7
40. h4 gxh4 41. Ra4 h3 42. gxh3 Kf6 43. Rf4+ Ke7 44. Rh4 Rb6 45. e4 Kf7 46. Kf4
Rf6+ 47. Ke5 Ra6 48. Rf4+ Ke7 49. Rf5 Ra3 50. h4 Ra1 51. Kf4 Rf1+ 52. Ke3 Re1+
53. Kd3 Rd1+ 54. Ke2 Ra1 55. Rh5 Kf6 56. Kd3 Rd1+ 57. Ke3 Re1+ 58. Kd4 Rd1+ 59.
Kc5 Ke6 60. Kc4 Kf6 61. Rd5 Rh1 62. h5 Ke6 63. Rb5 Rd1 64. Ra5 Rc1+ 65. Kd4
Rd1+ 66. Ke3 Re1+ 67. Kf3 Rf1+ 68. Ke2 Rb1 69. Ra6+ Ke5 70. Rxh6 Kxe4 71. Rh8
Kf5 72. h6 Kg6 73. Kf3 Rb3+ 74. Ke2 Rb2+ 75. Kd3 Rb7 76. h7 Rxh7 77. Rxh7 Kxh7
1/2-1/2

[Event "Summer Chess Classic A 2019"]
[Site "Saint Louis USA"]
[Date "2019.06.26"]
[Round "8"]
[White "Xiong, Jeffery"]
[Black "Shankland, S."]
[Result "1/2-1/2"]
[WhiteElo "2684"]
[BlackElo "2717"]
[PlyCount "87"]
[EventDate "2019.06.18"]

1. d4 Nf6 2. c4 e6 3. Nf3 d5 4. g3 Bb4+ 5. Bd2 Be7 6. Bg2 O-O 7. O-O c6 8. Qc2
b6 9. Rd1 Nbd7 10. b3 h6 11. Bc3 Bb7 12. Nbd2 Qc7 13. Rac1 Rac8 14. Qb2 Qb8 15.
Ne5 Nxe5 16. dxe5 Nd7 17. b4 Rfd8 18. a3 Qa8 19. e4 Nf8 20. c5 bxc5 21. bxc5
Bxc5 22. Ba5 Bb6 23. Bxb6 axb6 24. Qxb6 Nd7 25. Qe3 Ba6 26. f4 d4 27. Qxd4 Be2
28. Re1 Qxa3 29. Rc3 Qa6 30. Nb3 Bb5 31. Ra1 Qb6 32. Qxb6 Nxb6 33. Bf1 g6 34.
Bxb5 cxb5 35. Rxc8 Rxc8 36. Ra5 Rc4 37. Rxb5 Na4 38. Na5 Rc5 39. Rb8+ Kg7 40.
Ra8 Nb6 41. Ra6 Rc1+ 42. Kf2 Ra1 43. Rxb6 Rxa5 44. Rb2 1/2-1/2

[Event "Summer Chess Classic A 2019"]
[Site "Saint Louis USA"]
[Date "2019.06.26"]
[Round "8"]
[White "Jones, G."]
[Black "Swiercz, D."]
[Result "0-1"]
[WhiteElo "2709"]
[BlackElo "2667"]
[PlyCount "74"]
[EventDate "2019.06.18"]

1. e4 c5 2. Nf3 e6 3. c3 Nf6 4. e5 Nd5 5. Bc4 d6 6. d4 cxd4 7. cxd4 Be7 8. O-O
O-O 9. exd6 Qxd6 10. Nc3 Nxc3 11. bxc3 b6 12. Ne5 Nc6 13. Bf4 Nxe5 14. Bxe5 Qc6
15. Bb3 Bb7 16. Qg4 g6 17. Rfe1 Qxc3 18. Qf4 Bd5 19. Rec1 Qb4 20. Rab1 Qa3 21.
Rc3 Bxb3 22. Rcxb3 Qxa2 23. d5 exd5 24. Bd4 Bc5 25. Bxc5 bxc5 26. h4 Qc2 27.
Rb7 Qe4 28. Qc7 Rac8 29. Qd7 c4 30. h5 c3 31. Rc1 d4 32. Rb4 Rfd8 33. Qxa7 c2
34. Qa4 Qc6 35. Qa7 d3 36. Rf4 Rd7 37. Qa1 d2 0-1

[Event "Summer Chess Classic A 2019"]
[Site "Saint Louis USA"]
[Date "2019.06.26"]
[Round "8"]
[White "Howell, D."]
[Black "Le Quang Liem"]
[Result "1/2-1/2"]
[WhiteElo "2692"]
[BlackElo "2694"]
[PlyCount "61"]
[EventDate "2019.06.18"]

1. Nf3 Nf6 2. g3 b6 3. Bg2 Bb7 4. O-O e6 5. c4 Be7 6. b3 O-O 7. Bb2 c5 8. d4
Na6 9. Nc3 d5 10. Ne1 Nc7 11. dxc5 Bxc5 12. Nd3 Be7 13. Nf4 Rc8 14. Qd2 Ba8 15.
cxd5 Ncxd5 16. Ncxd5 Nxd5 17. Nxd5 Bxd5 18. Bxd5 Qxd5 19. Qxd5 exd5 20. Rac1 f6
21. Rfd1 Rfd8 22. Kg2 Kf7 23. Kf3 Ke6 24. Ke3 Bd6 25. Kd3 Be5 26. Bd4 Bxd4 27.
Kxd4 Kd6 28. Kd3 a5 29. h4 Rc5 30. Rc3 Re8 31. Rdc1 1/2-1/2

[Event "Summer Chess Classic A 2019"]
[Site "Saint Louis USA"]
[Date "2019.06.27"]
[Round "9"]
[White "Howell, D."]
[Black "Xiong, Jeffery"]
[Result "0-1"]
[WhiteElo "2692"]
[BlackElo "2684"]
[PlyCount "78"]
[EventDate "2019.06.18"]

1. Nf3 d5 2. g3 Nd7 3. c4 dxc4 4. Qa4 g6 5. Qxc4 Bg7 6. d4 Nh6 7. Nc3 Nb6 8.
Qc5 Nf5 9. Bf4 Nxd4 10. O-O-O Nd7 11. Qxc7 Qxc7 12. Bxc7 Ne6 13. Ba5 b6 14. Bb4
a5 15. Ba3 Bb7 16. Bg2 Nec5 17. Nb5 Rc8 18. Na7 Rb8 19. Ne1 Bxg2 20. Nxg2 Ne4
21. Rxd7 Kxd7 22. Rd1+ Kc7 23. f3 Nc5 24. Ne3 Rhd8 25. Rxd8 Rxd8 26. Bxc5 bxc5
27. a4 Bh6 28. f4 e5 29. Ng4 Bg7 30. fxe5 h5 31. Nb5+ Kc6 32. Nf2 Bxe5 33. Nd3
Bb8 34. Na3 h4 35. Nc4 Bc7 36. b3 Rd5 37. gxh4 Rh5 38. h3 Rxh4 39. Nf2 f5 0-1

[Event "Summer Chess Classic A 2019"]
[Site "Saint Louis USA"]
[Date "2019.06.27"]
[Round "9"]
[White "Le Quang Liem"]
[Black "Jones, G."]
[Result "1-0"]
[WhiteElo "2694"]
[BlackElo "2709"]
[PlyCount "77"]
[EventDate "2019.06.18"]

1. e4 e5 2. Nf3 Nc6 3. Bb5 a6 4. Ba4 Nf6 5. O-O Bc5 6. Bxc6 dxc6 7. d3 Bd6 8.
Nbd2 Be6 9. b3 Nd7 10. a4 a5 11. Nc4 Bxc4 12. bxc4 O-O 13. Rb1 Re8 14. c3 b6
15. Bg5 Be7 16. Be3 Bf6 17. Qc2 c5 18. g3 Nf8 19. Ne1 Qd7 20. f4 exf4 21. gxf4
Rad8 22. f5 h6 23. Rf3 Nh7 24. Bf4 Qe7 25. Ng2 Be5 26. Rbf1 Nf6 27. Kh1 Kh8 28.
Rh3 Rd6 29. Rg1 Red8 30. Bxe5 Qxe5 31. Ne1 Ne8 32. Rg4 Nf6 33. Rg1 Ne8 34. Qc1
Qe7 35. Qf4 Qd7 36. e5 Qc6+ 37. Nf3 Rxd3 38. f6 Kg8 39. Qxh6 1-0

[Event "Summer Chess Classic A 2019"]
[Site "Saint Louis USA"]
[Date "2019.06.27"]
[Round "9"]
[White "Swiercz, D."]
[Black "Shankland, S."]
[Result "1/2-1/2"]
[WhiteElo "2667"]
[BlackElo "2717"]
[PlyCount "99"]
[EventDate "2019.06.18"]

1. d4 d5 2. Nf3 Nf6 3. c4 c6 4. e3 Bf5 5. Nc3 e6 6. Nh4 Be4 7. f3 Bg6 8. Qb3
Qc7 9. Bd2 Be7 10. g3 a6 11. Nxg6 hxg6 12. Qc2 dxc4 13. Bxc4 c5 14. dxc5 Bxc5
15. Rc1 Nc6 16. Ne4 Bb6 17. b4 Nd5 18. Qb3 Rd8 19. f4 O-O 20. a3 Rd7 21. h4 Nf6
22. Nxf6+ gxf6 23. h5 g5 24. h6 Ne5 25. h7+ Kh8 26. Be2 Qd8 27. Qb2 gxf4 28.
gxf4 Ng6 29. Rh3 Kg7 30. Bc3 Rh8 31. Rd1 Rxd1+ 32. Bxd1 Qe7 33. Bc2 Bd8 34.
Bxg6 fxg6 35. Qh2 Qc7 36. Bb2 Be7 37. Qg2 Qc6 38. Qxc6 bxc6 39. e4 Rxh7 40. Rc3
Rh1+ 41. Kd2 Rh2+ 42. Kc1 Kf7 43. Rxc6 g5 44. fxg5 fxg5 45. Rxa6 g4 46. Be5 Re2
47. Ra7 Ke8 48. Ra8+ Kf7 49. Ra7 Ke8 50. Ra8+ 1/2-1/2

[Event "Summer Chess Classic A 2019"]
[Site "Saint Louis USA"]
[Date "2019.06.28"]
[Round "10"]
[White "Xiong, Jeffery"]
[Black "Swiercz, D."]
[Result "1/2-1/2"]
[WhiteElo "2684"]
[BlackElo "2667"]
[PlyCount "60"]
[EventDate "2019.06.18"]

1. d4 Nf6 2. c4 e6 3. Nc3 Bb4 4. Nf3 d5 5. cxd5 exd5 6. Bf4 Ne4 7. Rc1 Nd7 8.
Nd2 Nxc3 9. bxc3 Ba3 10. Rb1 Nb6 11. Qc2 Bd7 12. e3 Qe7 13. Bb5 c6 14. Bd3 c5
15. dxc5 Bxc5 16. Nb3 Bd6 17. O-O Rc8 18. Nd4 g6 19. Nb5 Bxb5 20. Bxb5+ Kf8 21.
Bxd6 Qxd6 22. a4 Kg7 23. Qd2 Rc7 24. a5 Nc8 25. Qd4+ Qf6 26. Be2 Rd8 27. Bg4
Rc4 28. Qxf6+ Kxf6 29. Bxc8 Rdxc8 30. Rxb7 R8c7 1/2-1/2

[Event "Summer Chess Classic A 2019"]
[Site "Saint Louis USA"]
[Date "2019.06.28"]
[Round "10"]
[White "Shankland, S."]
[Black "Le Quang Liem"]
[Result "1/2-1/2"]
[WhiteElo "2717"]
[BlackElo "2694"]
[PlyCount "75"]
[EventDate "2019.06.18"]

1. c4 Nf6 2. Nf3 b6 3. g3 Bb7 4. d4 e6 5. Bg2 Be7 6. O-O O-O 7. Nc3 Ne4 8. Bd2
f5 9. Rc1 Bf6 10. e3 c5 11. dxc5 bxc5 12. Qb3 Qb6 13. Rfd1 d6 14. Ne1 Nd7 15.
Nd3 Rab8 16. Qxb6 Nxb6 17. b3 Nxc3 18. Bxc3 Bxc3 19. Rxc3 Kf7 20. Re1 Nd7 21.
e4 fxe4 22. Bxe4 Nf6 23. Bxb7 Rxb7 24. f4 a5 25. Nb2 Rc7 26. Na4 Re8 27. Kg2 e5
28. fxe5 dxe5 29. Rce3 e4 30. Nc3 Rce7 31. h3 h5 32. Kf2 Re5 33. R1e2 Kg6 34.
Ke1 Kg5 35. Rf2 Rd8 36. Rf4 Rd4 37. Ke2 Kg6 38. Rh4 1/2-1/2

[Event "Summer Chess Classic A 2019"]
[Site "Saint Louis USA"]
[Date "2019.06.28"]
[Round "10"]
[White "Jones, G."]
[Black "Howell, D."]
[Result "0-1"]
[WhiteElo "2709"]
[BlackElo "2692"]
[PlyCount "148"]
[EventDate "2019.06.18"]

1. e4 e5 2. Nf3 Nc6 3. Bb5 Nf6 4. d3 Bc5 5. Bxc6 dxc6 6. O-O Qe7 7. Be3 Bg4 8.
Nbd2 Nd7 9. Nc4 f6 10. a3 O-O 11. b4 Bd6 12. h3 Bh5 13. g4 Bf7 14. Na5 Rfb8 15.
Nh4 g6 16. Qd2 c5 17. Rab1 cxb4 18. axb4 c5 19. b5 Nf8 20. f4 f5 21. fxe5 Qxh4
22. exd6 Qg3+ 23. Kh1 Qxh3+ 24. Kg1 Qg3+ 25. Kh1 Qh3+ 26. Kg1 fxe4 27. dxe4
Qg3+ 28. Kh1 Qh3+ 29. Kg1 Re8 30. Qf2 Qxg4+ 31. Kh2 Qh5+ 32. Kg1 Qg4+ 33. Kh2
Qh5+ 34. Kg1 g5 35. Qg2 Bg6 36. Qxg5 Qxg5+ 37. Bxg5 Rxe4 38. Be7 Rg4+ 39. Kh2
Nd7 40. Nxb7 Rc4 41. Nd8 Rxc2+ 42. Kg1 Be4 43. Rf4 Rg2+ 44. Kf1 Bxb1 45. Kxg2
Rb8 46. Ne6 Rxb5 47. Nf8 Rb7 48. Nxd7 Rxd7 49. Kg3 Kg7 50. Rf8 a5 51. Kf4 a4
52. Ke5 Ba2 53. Rc8 Kf7 54. Rf8+ Kg7 55. Rf4 Bb3 56. Bf8+ Kg6 57. Rf6+ Kg5 58.
Be7 Kg4 59. Ke4 Bc2+ 60. Kd5 a3 61. Rf2 a2 62. Bf6 Bb3+ 63. Kc6 Rf7 64. d7 Ba4+
65. Kd6 Rxf6+ 66. Rxf6 Bxd7 67. Rf1 Bf5 68. Ke5 Bc2 69. Rc1 h5 70. Kd5 h4 71.
Kxc5 h3 72. Kb4 Bb1 73. Rc4+ Kg3 74. Rc3+ Kg2 0-1

[Event "Netanya Masters 2019"]
[Site "Netanya ISR"]
[Date "2019.06.30"]
[Round "7"]
[White "Smirin, I."]
[Black "Svidler, P."]
[Result "1-0"]
[WhiteElo "2594"]
[BlackElo "2737"]
[PlyCount "65"]
[EventDate "2019.06.23"]

1. e4 c6 2. d4 d5 3. exd5 cxd5 4. Nf3 Nf6 5. Ne5 Nc6 6. Bb5 Qa5+ 7. Nc3 Bd7 8.
Nxd7 Nxd7 9. Bd2 Rc8 10. a4 Qb6 11. a5 Qxd4 12. a6 bxa6 13. Bxa6 Rb8 14. O-O e6
15. Bb5 Rc8 16. Ba6 Rb8 17. Bb5 Rc8 18. Ra6 Nce5 19. Qe2 Be7 20. Ra4 Nc4 21.
Be3 Qe5 22. Rxa7 Rc7 23. f4 Qd6 24. Ra6 Qxa6 25. Bxa6 Nxe3 26. Nb5 Rc6 27. Nd4
Rb6 28. Ra1 Nxc2 29. Nxc2 O-O 30. Bb5 Nf6 31. Ra6 Rb7 32. b4 Ne4 33. Bc6 1-0

[Event "Netanya Masters 2019"]
[Site "Netanya ISR"]
[Date "2019.06.30"]
[Round "7"]
[White "Postny, E."]
[Black "Gelfand, B."]
[Result "1/2-1/2"]
[WhiteElo "2601"]
[BlackElo "2676"]
[PlyCount "87"]
[EventDate "2019.06.23"]

1. d4 Nf6 2. c4 e6 3. g3 Bb4+ 4. Nd2 c5 5. a3 Bxd2+ 6. Qxd2 cxd4 7. Nf3 d5 8.
cxd5 e5 9. Nxe5 Qxd5 10. Nf3 Nc6 11. Bg2 O-O 12. O-O Bf5 13. b4 Be4 14. Bb2 a5
15. b5 Qxb5 16. Nxd4 Nxd4 17. Bxd4 Bxg2 18. Kxg2 Ne4 19. Qa2 Rfd8 20. Rfd1 Qc6
21. f3 Nc3 22. Bxc3 Qxc3 23. Rab1 Rxd1 24. Rxd1 Qc6 25. Qd5 g6 26. Qxc6 bxc6
27. Rd7 Rb8 28. Ra7 Rb5 29. Kf2 h5 30. a4 Rc5 31. Ke3 Kg7 32. h4 g5 33. hxg5
Rxg5 34. Kf4 Rc5 35. e4 Kg6 36. Ra8 f6 37. Ra7 Rg5 38. Rc7 Rc5 39. Ra7 Rg5 40.
Ke3 Rxg3 41. Rxa5 h4 42. Kf2 Rh3 43. Kg2 Rg3+ 44. Kf2 1/2-1/2

[Event "Netanya Masters 2019"]
[Site "Netanya ISR"]
[Date "2019.06.30"]
[Round "7"]
[White "Eljanov, P."]
[Black "Dubov, Daniil"]
[Result "1-0"]
[WhiteElo "2655"]
[BlackElo "2700"]
[PlyCount "109"]
[EventDate "2019.06.23"]

1. e4 c5 2. Nf3 Nc6 3. Bb5 g6 4. O-O Bg7 5. Nc3 Nh6 6. d3 d6 7. Bf4 Bd7 8. Qd2
Ng4 9. h3 Nf6 10. Bh6 O-O 11. Bxg7 Kxg7 12. Nh2 a6 13. Bxc6 Bxc6 14. f4 d5 15.
e5 Nd7 16. Nf3 d4 17. Ne4 f5 18. Neg5 Bd5 19. e6 Nf6 20. Rae1 Bxf3 21. Rxf3 Rc8
22. Qf2 c4 23. Kh2 Qb6 24. b3 cxb3 25. cxb3 h6 26. Nf7 Rc6 27. Ne5 Rxe6 28. Rg3
Rxe5 29. Rxe5 e6 30. Qe1 Kf7 31. Rf3 Nd5 32. Qh4 Rh8 33. Rf1 Qc7 34. Rxd5 exd5
35. Re1 g5 36. Qh5+ Kg7 37. Kg1 Qf7 38. Qe2 Qf6 39. Qf3 Rd8 40. Re5 gxf4 41.
Qxf4 Kg6 42. h4 h5 43. a4 a5 44. Qxd4 b6 45. Qf4 d4 46. g4 hxg4 47. h5+ Kh7 48.
Rxf5 Qd6 49. Qe4 Kh8 50. Rf7 Qg3+ 51. Kf1 Qh3+ 52. Ke1 Qh4+ 53. Kd1 Qxh5 54.
Rf5 Qh2 55. Rf1 1-0

[Event "Netanya Masters 2019"]
[Site "Netanya ISR"]
[Date "2019.07.01"]
[Round "8"]
[White "Svidler, P."]
[Black "Postny, E."]
[Result "1-0"]
[WhiteElo "2737"]
[BlackElo "2601"]
[PlyCount "91"]
[EventDate "2019.06.23"]

1. e4 e5 2. Nf3 Nc6 3. Bb5 a6 4. Ba4 Nf6 5. O-O Be7 6. Re1 b5 7. Bb3 d6 8. a4
b4 9. a5 O-O 10. c3 Rb8 11. d3 h6 12. Nbd2 bxc3 13. bxc3 Be6 14. Nc4 Qc8 15.
Qc2 Rd8 16. Ba3 Bf8 17. Nfd2 Ne7 18. d4 Ng6 19. d5 Bd7 20. Ne3 Ng4 21. Nxg4
Bxg4 22. Rab1 Nf4 23. Bc4 Ra8 24. Bf1 Bd7 25. Nc4 h5 26. Bc1 Be7 27. Bxf4 exf4
28. e5 dxe5 29. Nxe5 Bf6 30. Qd2 Be6 31. c4 c6 32. d6 c5 33. Rb6 Rb8 34. d7 Qc7
35. Rc6 Bxe5 36. Rxc7 Bxc7 37. Rxe6 fxe6 38. g3 Kf7 39. Bh3 Ke7 40. Qe2 Rb1+
41. Kg2 f3+ 42. Qxf3 Rf8 43. Qxh5 Bd6 44. Bxe6 Rb2 45. Qg5+ Kxe6 46. d8=N+ 1-0

[Event "Netanya Masters 2019"]
[Site "Netanya ISR"]
[Date "2019.07.01"]
[Round "8"]
[White "Eljanov, P."]
[Black "Nabaty, T."]
[Result "1-0"]
[WhiteElo "2655"]
[BlackElo "2678"]
[PlyCount "79"]
[EventDate "2019.06.23"]

1. d4 d5 2. c4 e6 3. Nc3 a6 4. cxd5 exd5 5. Nf3 Be6 6. Ng5 Bc8 7. Nf3 Be6 8.
Ng5 Bc8 9. Qb3 h6 10. Nf3 Nf6 11. Bf4 c5 12. dxc5 Bxc5 13. e3 Nc6 14. Be2 O-O
15. O-O b5 16. Rac1 Bb6 17. Ne5 Ne7 18. Bf3 Be6 19. Qa3 Nf5 20. Rfd1 Re8 21.
Ne2 Nh4 22. Nd4 Nxf3+ 23. Nexf3 Ne4 24. Nc6 Qd7 25. Nfd4 g5 26. Bg3 Bg4 27. Re1
Nxg3 28. hxg3 Bh5 29. Qb3 Rac8 30. a4 Bxd4 31. Nxd4 bxa4 32. Qb6 Bg6 33. Qxa6
Rb8 34. Rc6 Kh7 35. Rec1 Rxb2 36. Rc7 Qd8 37. R1c6 Rb1+ 38. Kh2 Rg8 39. Rxg6
Rxg6 40. Rxf7+ 1-0

[Event "Netanya Masters 2019"]
[Site "Netanya ISR"]
[Date "2019.07.01"]
[Round "8"]
[White "Dubov, Daniil"]
[Black "Dominguez Perez, L."]
[Result "1/2-1/2"]
[WhiteElo "2700"]
[BlackElo "2760"]
[PlyCount "21"]
[EventDate "2019.06.23"]

1. d4 d5 2. c4 e6 3. Nf3 Nf6 4. Bg5 dxc4 5. e4 c5 6. Bxc4 h6 7. Bxf6 Qxf6 8. d5
exd5 9. Bxd5 Be7 10. Nc3 Nc6 11. O-O 1/2-1/2